000 00896nas a2200301 4500
001 BR2012005645
003 BR-BrBNA
005 20231205120915.0
007 ta
008 230509b bl.|||p| |||| 00| 00por d
040 _aBR-BrBNA
_bpor
_cBiblioteca Nacional de Agricultura
041 _a(Pt)
072 _aJ12
100 1 _aNutto, L.
100 1 _aMachado, S. do A.
100 1 _aCavalheiro, R.
100 1 _aSilva, L.C.R. da
245 1 _aComparação de metodologias para medição de anéis de crescimento de Mimosa scabrella e Pinus taeda
650 _aBRACATINGA
650 _aMIMOSA SCABRELLA
650 _aPINHEIRO
650 _aPINUS TAEDA
650 _aMANEJO
650 _aCRESCIMENTO
773 0 _tScientia Forestalis (Brazil)
_xISSN 1413-9324
_g(Jun 2012), v. 40(94) p. 135-144
_wBR2012005645
909 _a202311
_bLúcia
_c55
_dLúcia Elande
942 _2AGRIS
_n0
_cANA
999 _c220916
_d220916